Bài tập ngôn ngữ C : (từ A đến Z) /

Salvato in:
Dettagli Bibliografici
Autore principale: Huỳnh Tấn Dũng
Natura: Libro
Lingua:Vietnamese
Pubblicazione: Lao động xã hội 2004
Tags: Aggiungi Tag
Nessun Tag, puoi essere il primo ad aggiungerne! !
Thư viện lưu trữ: Mạng thư viện Đại học Đà Nẵng
LEADER 00665nam a2200265 4500
001 000027021
003 BC04
005 20150406120000.0
008 150406s vm 000 vie
020 |c 0,0000 
040 |a notts 
100 |a Huỳnh Tấn Dũng 
245 |a Bài tập ngôn ngữ C : (từ A đến Z) /  |c HuỳnhTấn Dũng, Hoàng Đức Hải. 
260 |b Lao động xã hội  |c 2004 
OWN |a LTT 
999 |a From the UDN01 
TYP |a Monograph 
TYP |a Printed language 
980 |a Mạng thư viện Đại học Đà Nẵng